| 000 | 01419nam a22002417a 4500 | ||
|---|---|---|---|
| 003 | NALT | ||
| 005 | 20240724233227.0 | ||
| 008 | s2548 th tha d | ||
| 040 | _aNALT | ||
| 041 | _atha | ||
| 050 |
_aG155.T5 _bพ251ค 2548 |
||
| 100 | 0 |
_aพรพิษณุ พรหมศิวะพัลลภ _955277 |
|
| 245 | 1 | 0 |
_aความพึงพอใจของนักท่องเที่ยวต่อผลิตภัณฑ์การท่องเที่ยวของจังหวัดภูเก็ต พังงา และกระบี่ / _cพรพิษณุ พรหมศิวะพัลลภ...[และคนอื่น ๆ]. |
| 260 |
_aกรุงเทพฯ : _bสำนักงานกองทุนสนับสนุนการวิจัย, _c2548 |
||
| 300 |
_a147 หน้า : _bตาราง ; _c29 ซม. |
||
| 650 | 0 | 4 | _aการท่องเที่ยว -- กระบี่ -- วิจัย |
| 650 | 0 | 4 | _aการท่องเที่ยว -- พังงา -- วิจัย |
| 650 | 0 | 4 | _aการท่องเที่ยว -- ภูเก็ต -- วิจัย |
| 650 | 0 | 4 | _aนักท่องเที่ยว -- ความพึงพอใจ -- วิจัย |
| 850 | _aNALT | ||
| 942 |
_cRSH _2lcc |
||
| 999 |
_c44605 _d44605 |
||
| 998 |
_j109 _k อารีรัตน์ วิชาช่าง |
||